Green Day - The American Dream Is Killing Me Lyrics - Statistics

General Stats
  • This quiz has been taken 35 times
  • The average score is 163 of 203
Answer Stats
Lyrics % Correct
A
100%
Am
100%
American
100%
Dream
100%
I
100%
Is
100%
Killing
100%
Me
100%
The
100%
An
91%
It's
91%
When
91%
All
86%
And
86%
Are
86%
In
86%
Of
86%
Out
86%
So
86%
We
86%
Getting
82%
Home
82%
No
82%
Send
82%
To
82%
Double
77%
Ever
77%
Insanity
77%
Not
77%
On
77%
Serious
77%
S.O.S.
77%
Talk
77%
You
77%
Conspiracy
73%
Did
73%
Read
73%
Well
73%
For
68%
People
68%
TikTok
68%
Under
68%
Want
68%
Who
68%
Your
68%
Don't
64%
Goddamn
64%
Grateful
64%
Learn
64%
Note
64%
Now
64%
Ransom
64%
Street
64%
Taxes
64%
Unemployed
64%
Broken
59%
Faithful
59%
Forever
59%
From
59%
Glass
59%
Obsolete
59%
Up
59%
Bulldoze
55%
Condo
55%
Family
55%
I'm
55%
Masses
55%
Overpass
55%
Pedophiles
55%
Sleeping
55%
Suicide
55%
We're
55%
Cracked
50%
Huddled
50%
Inside
50%
Kiss
50%
My
50%
Needs
50%
Dead
45%
Into
45%
Private
45%
Property
45%
Say
45%
Wild
45%
Sea
41%
Siege
41%
Beach
36%
Country
36%
Shining
36%
Upon
36%
Whitewashed
36%
Woah
36%
Yeah
5%
No matching quizzes found
Score Distribution
Percent of People with Each Score
Percentile by Number Answered
Your Score History
You have not taken this quiz